| 000 | 00676cam a2200193 a 4500 | ||
|---|---|---|---|
| 020 | _a9789791412766 | ||
| 040 | _cDLC | ||
| 082 | _a333 CEN 2008 A117 Or. | ||
| 245 | 0 | 0 |
_aMoving ahead with REDD : _bissues, options and implications / |
| 246 | 1 | 3 | _aMoving ahead with reducing emissions from deforestation and forest degradation |
| 260 |
_aBogor, Indonesia : _bCenter for International Forestry Research, _c2008. |
||
| 300 |
_axii, 156 p. : _bcol. ill. ; _c26 cm. |
||
| 650 | 0 | _aDeforestation | |
| 650 | 0 | _aForest degradation | |
| 650 | 0 | _aGreenhouse gas mitigation. | |
| 700 | 1 | _aAngelsen, Arild. | |
| 710 | 2 | _aCenter for International Forestry Research. | |
| 942 | _cAEDBB | ||
| 999 |
_c17578 _d17578 |
||